01481cam a22002894a 450000100090000000300040000900500170001300800410003001000170007102000550008802000330014302000820017604000180025804200080027605000170028408200120030110000190031324501030033225000110043526000490044630000340049550000320052950005470056165000160110870000200112470000470114413659780OSt20210414114229.0040720s2006 ohua 000 0 eng  a 2004110599 a0324227329 (student edition with Thomson One card) a0324322682 (student edition) a0324305931 (international student edition, not for sale in the United States) aDLCcDLCdDLC apcc00aHF5635.D514 00a6572221 aStice, Earl K.10aFinancial accounting :reporting & analysis. /breporting & analysiscEarl K. Stice, James D. Stice a7th ed aMason, OH:bThomson / South-Western,cc2006. axxiii, 864 p.;bill.:c27 cm. aIncludes appendix and index aContents: The nature and purpose of financial accounting -- Overview of the financial statements -- Introduction to financial statement analysis -- The balance sheet -- The income statement -- The statement of cash flows -- The accounting information system -- Earnings management -- Revenue cycle sales,receivables,and cash -- Cost of goods sold and inventory -- Expenditure cycle:other operating items -- Investments in operating assets -- Investments in securities -- Financing with debt -- Financing with equity -- Accounting in a global  0aAccounting.1 aStice, James D.1 aDiamond, Michael A.tFinancial accounting.